00499 2200205 4500001002100000008004100021035002000062245006100082100001800143250000600161260003100167300001100198084001400209082000800223650001400231990001200245990001200257990001200269990001200281INLIS000000000000559 ind  a0010-0424000535 aReferensi Sains Dalam Kehidupan Manusia 1cDr. Suroso AY aDr. Suroso AY a1 aJakarta :bIPA Abongc2008 a80 hlm a030 SUR r a030 aReferensi a0722264 a0722265 a0722266 a0722267